Konec živelnosti v balení potravin?
Uplatňovanie Smernice ES pre obaly a ich likvidáciu v jednotlivých krajinách. Príprava rozsiahlej štandardizácie obalov. Stav v hospodárení s odpadom a ekologizáciou obalov v Rakúsku, Dánsku, Fínsku, Francúzsku, SRN, Taliansku, Luxembursku, Holandsku, Nórsku, Švédsku, Švajčiarsku, V. Británii.
Salvato in:
| Natura: | Capitolo di libro |
|---|---|
| Lingua: | ceco |
| Soggetti: | |
| Tags: |
Nessun Tag, puoi essere il primo ad aggiungerne!!
|
MARC
| LEADER | 00000naa a2200000 4500 | ||
|---|---|---|---|
| 001 | r013766 | ||
| 005 | 20221213083243.1 | ||
| 041 | 0 | |a cze | |
| 044 | |a CZ | ||
| 245 | 1 | 0 | |a Konec živelnosti v balení potravin? |
| 520 | |a Uplatňovanie Smernice ES pre obaly a ich likvidáciu v jednotlivých krajinách. Príprava rozsiahlej štandardizácie obalov. Stav v hospodárení s odpadom a ekologizáciou obalov v Rakúsku, Dánsku, Fínsku, Francúzsku, SRN, Taliansku, Luxembursku, Holandsku, Nórsku, Švédsku, Švajčiarsku, V. Británii. | ||
| 610 | 2 | 0 | |a obaly |
| 610 | 2 | 0 | |a potraviny |
| 610 | 2 | 0 | |a smernice |
| 610 | 2 | 0 | |a Európske spoločenstvá |